Disinformation : 22 media myths that undermine the War on Terror / (Record no. 62236)

000 -LEADER
fixed length control field 01214cam a22003014a 4500
001 - CONTROL NUMBER
control field 14109624
003 - CONTROL NUMBER IDENTIFIER
control field NUST-PNEC
005 - DATE AND TIME OF LATEST TRANSACTION
control field 20170116180742.0
008 - FIXED-LENGTH DATA ELEMENTS--GENERAL INFORMATION
fixed length control field 050915s2005 dcua b 001 0 eng
010 ## - LIBRARY OF CONGRESS CONTROL NUMBER
LC control number 2005026756
020 ## - INTERNATIONAL STANDARD BOOK NUMBER
International Standard Book Number 0895260069
035 ## - SYSTEM CONTROL NUMBER
System control number (OCoLC)ocm61684137
040 ## - CATALOGING SOURCE
Original cataloging agency DLC
Transcribing agency PNEC
042 ## - AUTHENTICATION CODE
Authentication code pcc
050 00 - LIBRARY OF CONGRESS CALL NUMBER
Classification number P96.W36
Item number M56 2005
082 00 - DEWEY DECIMAL CLASSIFICATION NUMBER
Classification number 070.449973931
Edition number 22
100 1# - MAIN ENTRY--PERSONAL NAME
Personal name Miniter, Richard.
245 10 - TITLE STATEMENT
Title Disinformation : 22 media myths that undermine the War on Terror /
Statement of responsibility, etc. Richard Miniter.
260 ## - PUBLICATION, DISTRIBUTION, ETC.
Place of publication, distribution, etc. Washington, DC :
Name of publisher, distributor, etc. Regnery Pub. ;
Place of publication, distribution, etc. Lanham, MD :
Name of publisher, distributor, etc. Distributed to the trade by National Book Network,
Date of publication, distribution, etc. c2005.
300 ## - PHYSICAL DESCRIPTION
Extent 275 p. :
Other physical details ill. ;
Dimensions 24 cm.
500 ## - GENERAL NOTE
General note Includes index
504 ## - BIBLIOGRAPHY, ETC. NOTE
Bibliography, etc. note Includes bibliographical references (p. [223]-233).
650 #0 - SUBJECT ADDED ENTRY--TOPICAL TERM
Topical term or geographic name entry element War on Terrorism, 2001-2009
General subdivision Press coverage.
856 ## - ELECTRONIC LOCATION AND ACCESS
Uniform Resource Identifier <a href="http://www.amazon.com/Disinformation-Media-Myths-Undermine-Terror/dp/0895260069/ref=sr_1_1?s=books&ie=UTF8&qid=1420440045&sr=1-1&keywords=0895260069">http://www.amazon.com/Disinformation-Media-Myths-Undermine-Terror/dp/0895260069/ref=sr_1_1?s=books&ie=UTF8&qid=1420440045&sr=1-1&keywords=0895260069</a>
906 ## - LOCAL DATA ELEMENT F, LDF (RLIN)
a 7
b cbc
c orignew
d 1
e ecip
f 20
g y-gencatlg
942 ## - ADDED ENTRY ELEMENTS (KOHA)
Source of classification or shelving scheme
Koha item type Book
Holdings
Withdrawn status Lost status Source of classification or shelving scheme Damaged status Not for loan Permanent Location Current Location Shelving location Date acquired Source of acquisition Cost, normal purchase price Total Checkouts Full call number Barcode Date last seen Cost, replacement price Price effective from Koha item type
          Pakistan Navy Engineering College (PNEC) Pakistan Navy Engineering College (PNEC)   05/28/2008 Library Grant 2595.00   070.449973931 PNECLIB-028648 01/05/2015 2595.00 05/28/2008 Book
© 2023 Central Library, National University of Sciences and Technology. All Rights Reserved.